LEADER 01190nam a2200253 u 4500 001 000000070918 003 CaOOAMICUS 005 20070226122056.0 008 020517s1904 it u000 u ita u 035 $a10930217 040 $aPUL(R)$bita 100 1 $aLépicier, Alexis Henri Marie,$ccard.,$d1863-1936.$0(OLS)http://pul/name/7371 245 12$aL'opera dei sei giorni secondo la tradizione e la scienza /$cfr. Alessio Maria Lépicier. 260 $aRoma :$bLibreria Pontificia Pustet ;$aFirenze :$bLibreria editrice fiorentina,$c1904. 300 $axvii, 324 p. ;$c23 cm 504 $aBibliografia in nota. 505 1 $aParte prima : "Il mondo opera di Dio". 650 4$aCosmologia biblica.$0(OLS)http://pul/subject/10216 850 $aPUL 852 $aPUL$W1$xDP1 Religione 1$y20$m514 A 23$j91778$nBK-PRI$b $qStampati$B91778$CPULBib$Z2$F91778 $H47558 $81 941 1 $a8 996 $6245$aL'opera dei sei giorni secondo la tradizione e la scienza$9(OLS)http://pul/title/93413 996 $6260$aRoma :$bLibreria Pontificia Pustet$9(OLS)http://pul/publisher/73306 996 $6260$aFirenze :$bLibreria editrice fiorentina$9(OLS)http://pul/publisher/48392 LEADER 01292nam a2200325 u 4500 001 000000075295 003 CaOOAMICUS 005 20070226123103.0 008 030529s2001 it u000 u ita u 020 $a8839907777 035 $a10963046 040 $aPUL$bita 041 1 $aita$hger 100 1 $aHäring, Hermann,$d1937-$0(OLS)http://pul/name/30754 240 10$aBöse in der Welt : Gottes Macht oder Ohnmacht?.$lItaliano.$0(OLS)http://pul/title/98768 245 13$aIl male nel mondo :$bpotenza o impotenza di Dio? /$cHermann Häring. 260 $aBrescia :$bQueriniana,$cc2001. 300 $a337 p. ;$c20 cm 490 1 $aGiornale di teologia ;$v277 504 $a"Bibliografia": pp.293-324. 650 4$aBene e male.$0(OLS)http://pul/subject/7492 830 0$aGiornale di teologia ;$v277.$0(OLS)http://pul/title/9027 850 $aPUL 852 $aPUL$W1$xSL Religione 3$y85$m200 GDT 1.277$j96930$nBK-PRI$bDDC 21$q $B96930$CPULBib$Z2$F96930 $Hnull $81 941 1 $a9 961 $aINV: 91526 983 0$aGdT. 996 $6020$a8839907777$9(OLS)http://pul/number/98130 996 $6245$aIl male nel mondo :$bpotenza o impotenza di Dio?$9(OLS)http://pul/title/98769 996 $6260$aBrescia :$bQueriniana$9(OLS)http://pul/publisher/47906